| 000 | 00633 a2200205 4500 | ||
|---|---|---|---|
| 003 | NUST | ||
| 020 | _a0124666272 | ||
| 020 | _a9780124666276 | ||
| 038 | _aSNS Library Staff | ||
| 082 | 0 | 4 |
_a621.38234 _bMAL |
| 100 | 1 |
_aMallinson, John C. _935651 |
|
| 245 | 1 | 0 |
_aMagneto-resistive and spin valve heads, second edition : _bfundamentals and applications / _cJohn C. Mallinson. |
| 250 | _a2nd ed. | ||
| 260 |
_a[S.l.] : _bAcademic Press, _c2002 |
||
| 300 |
_a184 p. ; _c24 cm. |
||
| 490 | 1 | _aElectromagnetism. | |
| 700 |
_aMallinson, John C. _935651 |
||
| 830 | 0 |
_aElectromagnetism. _935652 |
|
| 942 |
_aSNS _cBK _k621.38234 MAL 2002 _2ddc |
||
| 999 |
_c29490 _d29490 |
||